Construire l'avenirlive blanc sur la recherche presente au president de republique

Đã lưu trong:
书目详细资料
格式: 图书
语言:Undetermined
出版: Paris La Documentation Francaise 1980
标签: 添加标签
没有标签, 成为第一个标记此记录!
Thư viện lưu trữ: Trung tâm Học liệu Trường Đại học Cần Thơ
LEADER 00414nam a2200133Ia 4500
001 CTU_78608
008 210402s9999 xx 000 0 und d
082 |a 330.944 
082 |b C756 
245 0 |a Construire l'avenirlive blanc sur la recherche presente au president de republique 
260 |a Paris 
260 |b La Documentation Francaise 
260 |c 1980 
980 |a Trung tâm Học liệu Trường Đại học Cần Thơ